01064nam a2200253 a 450000100100000000500170001000800410002704000250006810000420009324500630013526000630019830000510026149000410031250000340035350400480038765000520043565000300048765000340051765000260055171000180057783000480059595201500064399900170079300003472520240529114208.0111019s1963 mx a 000 0 spa d aDO-SdBNPbspacBNPHU1 aTalbot Rice, David,d1903-197296018510aFrescos medievales yugoeslavos /ctexto David Talbot Rice. aMéxico :bHermes,c1963.eMilano, ItaliafAmilcare Pizzi a24 p., 28 h. :bil., láms., retrs. ;c17 cm.0 aUNESCO-Hermes bolsilibros de artev6 aIncluye índice de láminas aBibliografía al final de las láminas s.24aPintura religiosazYugoslaviaySIGLO XIX96018624aMurales bizantinos96018724aDecoración bizantina96018824aPintura servia96018922aUnesco919805 0aUnesco-Hermes bolsilibros de arten6960190 0010507-18MOaGRbGRcOId2011-10-19iLF1l0o p34725-10r2020-06-25w2020-06-25y1zBiblioteca Juan Isidro Jiménes GrullónZNo se presta c34216d34216